Responses for Show #3448 - Wednesday, September 8, 1999

1999 Back to School Week game 3.

Contestants

[<< previous game]

Kendra Pettis, an 11-year-old from Maplewood, New Jersey

Dmitry Spivak, an 11-year-old from Glenview, Illinois

Melanie Bruchet, an 11-year-old from Tallahassee, Florida

[next game >>]

Jeopardy! Round responses

U.S. STATES
AROUND THE PARK WITH SALLY
IT FOLLOWED ME HOME
NICKELODEON
SCIENTIFIC NUMBER, PLEASE
FILE UNDER "O"
    $100 6
New Hampshire

Dmitry
    $100 22
Hopscotch

Dmitry
    $100 17
Elephant

Melanie
    $100 1
Figure It Out

Kendra
    $100 16
6

Kendra
    $100 11
Operator

Dmitry
    $200 7
Oregon

Kendra
    $200 23
Tetherball

Melanie
    $200 18
(Dimitry: What is a chameleon?)

Giraffe

Dmitry
Triple Stumper
    $200 2
Kenan & Kel

Melanie
    $200 27
Zero

Melanie
    $200 12
October

Melanie
    $400 8
Rhode Island

Kendra
    $300 24
Monkey

Melanie
    $300 19
Porcupine

Kendra
    $300 3
Alex Mack

Dmitry
    $300 28
8

Dmitry
    $300 13
Oklahoma

Kendra
    $400 9
Florida

Melanie
    $400 25
Soccer

Melanie
    $400 20
Beaver

Dmitry
    $400 4
KaBlam!

Dmitry
    $400 29
1,000

Melanie
    $400 14
Opera

Kendra
    $500 10
California

Melanie
    $500 26
Hurdles

Dmitry
    $500 21
Camel

Kendra
    $500 5
Arnold

Kendra
    $500 30
10

Melanie
    $500 15
Ozone layer

Dmitry

Scores at the first commercial break (after clue 15):

Melanie Dmitry Kendra
$1,300 $1,400 $1,900

Scores at the end of the Jeopardy! Round:

Melanie Dmitry Kendra
$3,400 $2,500 $2,800

Double Jeopardy! Round responses

LAKES & RIVERS
COMPUTERS
ACTORS & ACTRESSES
ELEMENT-ARY SCHOOL
(Alex: Notice the hyphen there; each clue has to do with elements.)
FAST FOOD
OFFICIAL LANGUAGES
    $200 11
(Kendra: What is Michigan?)

Lake Superior

DmitryKendra
    $200 5
Macintosh

Dmitry
    $200 17
Robin Williams

Dmitry
    $200 26
Gold

Melanie
    $200 6
Burger King

Melanie
    $200 16
Spanish

Dmitry
    $400 12
Nile

Melanie
    $400 4
Pentium

Dmitry
    $400 18
Drew Barrymore

Dmitry
    $400 27
Mercury

Dmitry
    $400 7
Chinese

Melanie
    $400 22
English

Kendra
    $600 13
Missouri

Melanie
    $600 3
Delete

Dmitry
    $600 19
(Melanie: Who was Liam Neeson?)

Ewan McGregor

MelanieDmitry
    $600 28
(Kendra: What is H2O?)

hydrogen

DmitryKendra
    $600 8
Kentucky Fried Chicken

Melanie
    $600 23
Japanese

Dmitry
    $600 14
(Melanie: What is Bern?)

Lake Geneva

Melanie
    $800 2
Scanner

Dmitry
    $800 20
Jonathan Taylor Thomas

Dmitry
    $1,000 29
Calcium

Dmitry
    $800 9
Little Caesars

Melanie
    $800 24
French

Dmitry
    $1000 15
(Kendra: What is the Indian Sea?)

Caspian Sea

MelanieKendra
    $1000 1
Megahertz

Dmitry
    $1000 21
Brooke Shields

Triple Stumper
    $1000 30
Radioactive

Dmitry
    $1000 10
Taco Bell

Triple Stumper
    $1000 25
Russian

Melanie

Scores at the end of the Double Jeopardy! Round:

Melanie Dmitry Kendra
$7,400 $12,300 $1,400

[wagering suggestions for these scores]

Final Jeopardy! Round responses

HOLIDAY QUOTES
KendraWho is Scrooge
$1,400
MelanieWho is Ebenezer Scrooge?
$4,601
DmitryWho is Oliver Twist?
$7,700
Ebenezer Scrooge

Final scores:

Melanie Dmitry Kendra
$12,001 $4,600 $2,800
Winner: $12,001 + a trip for 4 to Universal Studios Florida 2nd place: 2 computers + software + a trip for 4 to Universal Studios Florida 3rd place: 1 computer + software + a trip for 4 to Universal Studios Florida

Game dynamics:

Coryat scores:

Melanie Dmitry Kendra
$8,000 $12,100 $1,300
20 R,
2 W
(including 1 DD)
26 R
(including 1 DD),
1 W
10 R
(including 1 DD),
3 W

Combined Coryat: $21,400

[game clues] [game scores] [suggest correction]

Game tape date: 1999-07-20
The J! Archive is created by fans, for fans. Scraping, republication, monetization, and malicious use prohibited; this site may use cookies and collect identifying information. See terms. The Jeopardy! game show and all elements thereof, including but not limited to copyright and trademark thereto, are the property of Jeopardy Productions, Inc. and are protected under law. This website is not affiliated with, sponsored by, or operated by Jeopardy Productions, Inc. Join the discussion at JBoard.tv.